MARC

LEADER 00000nam0a2200000 4500
001 36212
005 20231101210345.0
035 |a (RuTPU)RU\TPU\book\36682 
035 |a BOOK00003334 
090 |a 36212 
100 |a 20011210d1977 km y0rusy50 ca 
101 0 |a rus 
102 |a RU 
105 |a y g 001zy 
200 1 |a Термодинамические свойства веществ  |e справочник  |f В. А. Рябин, М. А. Остроумов, Т. Ф. Свит 
210 |a Москва  |c Химия  |d 1977 
215 |a 389 с. 
320 |a Библиогр.: с. 344-351 
606 1 |a Неорганические вещества  |x Термодинамические свойства  |2 stltpush  |3 (RuTPU)RU\TPU\subj\45451  |9 64681 
610 1 |a неорганические соединения 
610 1 |a расчеты 
610 1 |a таблицы 
610 1 |a справочники 
610 1 |a библиотека А. Г. Стромберга 
675 |a 546.03(035)  |v 3 
700 1 |a Рябин  |b В. А.  |g Виктор Афанасьевич 
701 1 |a Остроумов  |b М. А.  |g Михаил Александрович 
701 1 |a Свит  |b Т. Ф.  |g Татьяна Федоровна 
801 0 |a RU  |b 63413507  |c 20011210  |g PSBO 
801 2 |a RU  |b 63413507  |c 20171005  |g PSBO 
900 |a Техническая термодинамика и энерготехнология 
942 |c BK